[Event "St Petersburg Korchnoi Memorial op"]
[Site "St Petersburg"]
[Date "2023.08.21"]
[Round "6"]
[White "Abramkina, Veranika"]
[Black "Pankov, Daniil"]
[Result "1-0"]
[WhiteElo "1732"]
[BlackElo "2033"]
[PlyCount "120"]
[EventDate "2023.08.18"]
[EventType "swiss"]
[EventRounds "9"]
[EventCountry "RUS"]
[SourceTitle "EXT 2024"]
[Source "ChessBase"]
[SourceDate "2023.10.10"]
[SourceVersion "1"]
[SourceVersionDate "2023.10.10"]
[SourceQuality "1"]

1. c4 c6 2. e4 d5 3. exd5 cxd5 4. cxd5 Nf6 5. Nc3 Nxd5 6. Nf3 e6 7. d4 Be7 8. Bd3 Nc6 9. 0-0 0-0 10. Re1 Bf6 11. a3 Nxc3 12. bxc3 b6 13. Bf4 Bb7 14. Nd2 Ne7 15. Re3 g6 16. Bh6 Bg7 17. Bxg7 Kxg7 18. Rh3 Nd5 19. Be4 Rb8 20. Qf3 Qe7 21. Bxd5 Bxd5 22. Qe3 h5 23. Qg3 Rh8 24. Re1 Rbc8 25. Ne4 Bxe4 26. Qe5+ Qf6 27. Qxe4 Qf5 28. Qb7 Qd5 29. Qxa7 Qa5 30. Qxa5 bxa5 31. Kf1 Rc4 32. Ke2 Rb8 33. Kd3 Ra4 34. Ra1 Rb2 35. Rf3 Kf8 36. Re3 Rxf2 37. Re2 Rxe2 38. Kxe2 Rc4 39. Kd3 Rc7 40. Rb1 Ke7 41. Rb6 h4 42. c4 f5 43. c5 g5 44. a4 g4 45. Rb5 Rd7 46. Ke3 Kf6 47. Rxa5 f4+ 48. Ke4 f3 49. gxf3 gxf3 50. Rb5 Ra7 51. Rb3 f2 52. Rf3+ Ke7 53. Rxf2 Rxa4 54. Rf4 Ra1 55. Rxh4 Re1+ 56. Kd3 Kd7 57. Re4 Rd1+ 58. Ke3 Rh1 59. h4 Rh3+ 60. Kf2 Rh1 1-0

[Event "Wch U12 Girls"]
[Site "Batumi"]
[Date "2022.09.17"]
[Round "2"]
[White "Abramkina, Veranika"]
[Black "Ismayilova, Khanim"]
[Result "1-0"]
[WhiteElo "1445"]
[BlackElo "1901"]
[PlyCount "117"]
[EventDate "2022.09.16"]
[EventType "swiss"]
[EventRounds "11"]
[EventCountry "GEO"]
[SourceTitle "EXT 2023"]
[Source "ChessBase"]
[SourceDate "2022.10.05"]
[SourceVersion "1"]
[SourceVersionDate "2022.10.05"]
[SourceQuality "1"]

1. Nf3 d5 2. g3 e6 3. Bg2 Nf6 4. c4 d4 5. e3 c5 6. exd4 cxd4 7. d3 Nc6 8. 0-0 Bd6 9. Bg5 0-0 10. Nbd2 Be7 11. a3 a5 12. Rb1 a4 13. Bxf6 Bxf6 14. b4 axb3 15. Rxb3 Be7 16. Qa1 Qa5 17. Nb1 Rd8 18. Re1 Qa4 19. Qb2 Ra7 20. Nfd2 Na5 21. Rb5 Bd7 22. Qxd4 Nxc4 23. Nc3 Qa6 24. Qxc4 Bxb5 25. Nxb5 Raa8 26. Qb3 Qa5 27. Rd1 Rac8 28. Nc4 Qa6 29. Rb1 Rc5 30. d4 Rf5 31. Ne3 Rf6 32. Rc1 Bd6 33. Nxd6 Qxd6 34. Qb4 h6 35. Qxd6 Rxd6 36. Rc8+ Kh7 37. Be4+ g6 38. Ng4 Rf5 39. Bxf5 gxf5 40. Ne3 Rxd4 41. Rc7 Ra4 42. Nc2 Kg6 43. Rxb7 f6 44. Rb4 Ra6 45. a4 Kg5 46. Ne3 e5 47. Nc4 f4 48. Kg2 e4 49. gxf4+ Kxf4 50. a5 f5 51. Rb6 Ra8 52. a6 Rg8+ 53. Kf1 Kf3 54. a7 e3 55. fxe3 Rd8 56. Ne5+ Kxe3 57. Rb8 Rd1+ 58. Kg2 Rd2+ 59. Kh3 1-0

[Event "BLR-ch U18 Girls"]
[Site "Orsha"]
[Date "2022.02.10"]
[Round "1"]
[White "Abramkina, Veranika"]
[Black "Norman, Kseniya"]
[Result "1-0"]
[WhiteElo "1338"]
[BlackElo "1787"]
[PlyCount "51"]
[EventDate "2022.02.10"]
[EventType "swiss"]
[EventRounds "9"]
[EventCountry "BLR"]
[SourceTitle "CBM 207 Extra"]
[Source "ChessBase"]
[SourceDate "2022.05.31"]
[SourceVersion "1"]
[SourceVersionDate "2022.05.31"]
[SourceQuality "1"]

1. d4 Nf6 2. Nf3 g6 3. Nbd2 Bg7 4. e4 0-0 5. Be2 d6 6. 0-0 Nfd7 7. c3 e5 8. dxe5 Nxe5 9. Nxe5 dxe5 10. Qc2 Qe7 11. b4 f5 12. a4 Rd8 13. Rd1 Be6 14. exf5 gxf5 15. Bc4 Kh8 16. Bxe6 Qxe6 17. Nf3 Nc6 18. Bg5 Rxd1+ 19. Rxd1 h6 20. Bh4 e4 21. Nd4 Nxd4 22. cxd4 c6 23. Qc5 f4 24. Qh5 Qd5 25. Qg6 Rg8 26. Bf6 1-0